000 00614nam a2200229Ia 4500
005 20230328105237.0
008 230125s9999 xx 000 0 und d
020 _a9789387994454
041 _aeng
082 _a658.81
_bING
100 _aIngram T N
_9114884
245 _aSell : Trust - Based Professional selling
250 _a5th Ed.
260 _c2018
_bCengage Learning
_aAustralia
300 _a250p
500 _aSales management
650 _aSales management
_9119868
700 _aIngram T N; Laforge R W; Avila R A & Schwepker C H
_9118210
906 _b91
942 _cBK
999 _c96219
_d96219